<?xml version="1.0" encoding="UTF-8"?>
<record
    xmlns:xsi="http://www.w3.org/2001/XMLSchema-instance"
    xsi:schemaLocation="http://www.loc.gov/MARC21/slim http://www.loc.gov/standards/marcxml/schema/MARC21slim.xsd"
    xmlns="http://www.loc.gov/MARC21/slim">

  <leader>01482nam a2200277Ia 4500</leader>
  <datafield tag="952" ind1=" " ind2=" ">
    <subfield code="0">0</subfield>
    <subfield code="1">0</subfield>
    <subfield code="4">0</subfield>
    <subfield code="7">0</subfield>
    <subfield code="a">01</subfield>
    <subfield code="b">01</subfield>
    <subfield code="d">2016-08-23</subfield>
    <subfield code="l">0</subfield>
    <subfield code="o">340.18 C215m</subfield>
    <subfield code="p">01 013836</subfield>
    <subfield code="r">2016-08-23</subfield>
    <subfield code="t">1</subfield>
    <subfield code="w">2016-08-23</subfield>
    <subfield code="y">LB</subfield>
  </datafield>
  <datafield tag="952" ind1=" " ind2=" ">
    <subfield code="0">0</subfield>
    <subfield code="1">0</subfield>
    <subfield code="4">0</subfield>
    <subfield code="7">0</subfield>
    <subfield code="a">01</subfield>
    <subfield code="b">01</subfield>
    <subfield code="d">2016-08-25</subfield>
    <subfield code="l">0</subfield>
    <subfield code="o">340.18 C215m</subfield>
    <subfield code="p">01 013845</subfield>
    <subfield code="r">2016-08-25</subfield>
    <subfield code="t">2</subfield>
    <subfield code="w">2016-08-25</subfield>
    <subfield code="y">LB</subfield>
  </datafield>
  <datafield tag="952" ind1=" " ind2=" ">
    <subfield code="0">0</subfield>
    <subfield code="1">0</subfield>
    <subfield code="4">0</subfield>
    <subfield code="7">0</subfield>
    <subfield code="a">03</subfield>
    <subfield code="b">03</subfield>
    <subfield code="d">2017-10-02</subfield>
    <subfield code="l">0</subfield>
    <subfield code="o">K52 C37</subfield>
    <subfield code="p">03 009569</subfield>
    <subfield code="r">2017-10-02</subfield>
    <subfield code="t">1</subfield>
    <subfield code="w">2017-10-02</subfield>
    <subfield code="y">LB</subfield>
  </datafield>
  <datafield tag="952" ind1=" " ind2=" ">
    <subfield code="0">0</subfield>
    <subfield code="1">0</subfield>
    <subfield code="4">0</subfield>
    <subfield code="7">0</subfield>
    <subfield code="a">03</subfield>
    <subfield code="b">03</subfield>
    <subfield code="d">2017-10-18</subfield>
    <subfield code="l">0</subfield>
    <subfield code="o">K52 C37</subfield>
    <subfield code="p">03 009643</subfield>
    <subfield code="r">2017-10-18</subfield>
    <subfield code="t">2</subfield>
    <subfield code="w">2017-10-18</subfield>
    <subfield code="y">LB</subfield>
  </datafield>
  <datafield tag="952" ind1=" " ind2=" ">
    <subfield code="0">0</subfield>
    <subfield code="1">0</subfield>
    <subfield code="4">0</subfield>
    <subfield code="7">0</subfield>
    <subfield code="a">03</subfield>
    <subfield code="b">03</subfield>
    <subfield code="d">2017-10-23</subfield>
    <subfield code="l">0</subfield>
    <subfield code="o">K52 C37</subfield>
    <subfield code="p">03 009650</subfield>
    <subfield code="r">2017-10-23</subfield>
    <subfield code="t">3</subfield>
    <subfield code="w">2017-10-23</subfield>
    <subfield code="y">LB</subfield>
  </datafield>
  <datafield tag="952" ind1=" " ind2=" ">
    <subfield code="0">0</subfield>
    <subfield code="1">0</subfield>
    <subfield code="4">0</subfield>
    <subfield code="7">0</subfield>
    <subfield code="a">03</subfield>
    <subfield code="b">03</subfield>
    <subfield code="d">2017-10-23</subfield>
    <subfield code="l">0</subfield>
    <subfield code="o">K52 C37</subfield>
    <subfield code="p">03 009652</subfield>
    <subfield code="r">2017-10-23</subfield>
    <subfield code="t">4</subfield>
    <subfield code="w">2017-10-23</subfield>
    <subfield code="y">LB</subfield>
  </datafield>
  <datafield tag="999" ind1=" " ind2=" ">
    <subfield code="c">100729</subfield>
    <subfield code="d">100729</subfield>
  </datafield>
  <controlfield tag="005">20231102151954.0</controlfield>
  <controlfield tag="008">121028s2008    mx            000 0 spa d</controlfield>
  <datafield tag="020" ind1=" " ind2=" ">
    <subfield code="a">9789688670927</subfield>
  </datafield>
  <datafield tag="050" ind1=" " ind2=" ">
    <subfield code="a">K52</subfield>
    <subfield code="b">C37 </subfield>
  </datafield>
  <datafield tag="082" ind1=" " ind2=" ">
    <subfield code="a">340.18</subfield>
    <subfield code="b">C215m </subfield>
  </datafield>
  <datafield tag="100" ind1="1" ind2=" ">
    <subfield code="a">Carnelutti, Francesco</subfield>
    <subfield code="d">, 1879-1965</subfield>
    <subfield code="e">, autor</subfield>
  </datafield>
  <datafield tag="245" ind1=" " ind2=" ">
    <subfield code="a">Metodolog&#xED;a del Derecho </subfield>
    <subfield code="c"> / Francesco Carnelutti ; traducci&#xF3;n al espa&#xF1;ol por el Dr. Angel Ossorio</subfield>
  </datafield>
  <datafield tag="260" ind1=" " ind2=" ">
    <subfield code="a">M&#xE9;xico</subfield>
    <subfield code="b"> : Colof&#xF3;n</subfield>
    <subfield code="c">, 2008</subfield>
  </datafield>
  <datafield tag="300" ind1=" " ind2=" ">
    <subfield code="a">xi, 86 p&#xE1;ginas</subfield>
  </datafield>
  <datafield tag="500" ind1=" " ind2=" ">
    <subfield code="a">Incluye &#xED;ndice</subfield>
  </datafield>
  <datafield tag="519" ind1=" " ind2=" ">
    <subfield code="a">Educaci&#xF3;n Mixta / </subfield>
    <subfield code="b">Criminal&#xED;stica / </subfield>
    <subfield code="c">Metodolog&#xED;a de la Investigaci&#xF3;n (M01-2) /</subfield>
    <subfield code="d">(01 013836)</subfield>
  </datafield>
  <datafield tag="519" ind1=" " ind2=" ">
    <subfield code="a">Educaci&#xF3;n Mixta / </subfield>
    <subfield code="b">Criminal&#xED;stica / </subfield>
    <subfield code="c">Seminario de Investigaciones Criminol&#xF3;gicas y Criminal&#xED;sticas  (M04-2) /</subfield>
    <subfield code="d">(01 013845)</subfield>
  </datafield>
  <datafield tag="519" ind1=" " ind2=" ">
    <subfield code="a">Educaci&#xF3;n Mixta / </subfield>
    <subfield code="b">Criminal&#xED;stica / </subfield>
    <subfield code="c">Redacci&#xF3;n Jur&#xED;dico-Periciales (B25-3) /</subfield>
    <subfield code="d">(03 009569)</subfield>
  </datafield>
  <datafield tag="519" ind1=" " ind2=" ">
    <subfield code="a">Educaci&#xF3;n Mixta / </subfield>
    <subfield code="b">Criminal&#xED;stica / </subfield>
    <subfield code="c">Metodolog&#xED;a de la Investigaci&#xF3;n (M01-2) /</subfield>
    <subfield code="d">(03 009643)</subfield>
  </datafield>
  <datafield tag="519" ind1=" " ind2=" ">
    <subfield code="a">Educaci&#xF3;n Mixta / </subfield>
    <subfield code="b">Criminal&#xED;stica / </subfield>
    <subfield code="c">Metodolog&#xED;a de la Investigaci&#xF3;n (M03-3) /</subfield>
    <subfield code="d">(03 009650)</subfield>
  </datafield>
  <datafield tag="519" ind1=" " ind2=" ">
    <subfield code="a">Educaci&#xF3;n Mixta / </subfield>
    <subfield code="b">Criminal&#xED;stica / </subfield>
    <subfield code="c">Seminario de Investigaciones Criminal&#xED;sticas y Criminol&#xF3;gica (M04-2) /</subfield>
    <subfield code="d">(03 009652)</subfield>
  </datafield>
  <datafield tag="650" ind1="1" ind2="4">
    <subfield code="a">DERECHO</subfield>
    <subfield code="x">METODOLOG&#xCD;A</subfield>
  </datafield>
  <datafield tag="700" ind1=" " ind2=" ">
    <subfield code="a">Ossorio, &#xC1;ngel</subfield>
    <subfield code="e">traductor</subfield>
  </datafield>
  <datafield tag="942" ind1=" " ind2=" ">
    <subfield code="c">LB</subfield>
  </datafield>
</record>
